Normal view
MARC view
Entry Personal Name
001 - CONTROL NUMBER
- control field: 44735
003 - CONTROL NUMBER IDENTIFIER
- control field: dpl
005 - DATE AND TIME OF LATEST TRANSACTION
- control field: 20120404104834.0
008 - FIXED-LENGTH DATA ELEMENTS
- fixed length control field: 120404|||a|||||| | ||| d
040 ## - CATALOGING SOURCE
- Original cataloging agency: dpl
- Transcribing agency: dpl
100 ## - HEADING--PERSONAL NAME
- Personal name: पारीक, के.एस.
670 ## - SOURCE DATA FOUND
- Source citation: Work cat.: (dpl): उद्यमिता के मूल आधार /, 2006
670 ## - SOURCE DATA FOUND
- Source citation: Work cat.: (dpl): उद्यमिता के मूल आधार /, 2006
